Представление документа в формате RUSMARC

ПолеНазваниеЗначение
  Тип записи c
  Библиографический уровень m
001 Контрольный номер RU/УОНБ/EK_N/556112745
005 Дата корректировки 20250520122107.8
100 Данные общей обработки __
a Данные общей обработки 20170815d1999 u y0rusy0189||||ca
101 Язык документа 0_
a Язык текста rus
102 Страна публикации __
a Страна публикации RU
105 Кодированные данные (монография) __
a Кодированные данные (монография) y###||||000|y
200 Заглавие и сведения об ответственности 1_
a Заглавие Сольфеджио
b Общее обозначение материала Ноты
e Сведения, относящиеся к заглавию [учеб. пособие для ДМШ]
f Первые сведения об ответственности сост. Б. Калмыков и Г. Фридкин
210 Выходные данные 1_
a Место издания Москва
c Издательство Музыка
d Дата издания 1999 -
215 Физическое описание __
d Формат 29 см
300 Общие примечания __
a Общие примечания На обл. сост. не указаны
686 Индексы других классификаций __
a Классификационный индекс 85
2 Код системы rubbk
700 Автор _1
a Фамилия Калмыков
b Имя (инициалы) Б. В.
g Полное личное имя Борис Васильевич
701 Альтернативная интеллектуальная ответственность _1
a Фамилия Фридкин
b Имя (инициалы) Г. А.
801 Источник записи _0
a Страна RU
b Организация Ульяновская ОНБ
c Дата составления 20170815
g Правила каталогизации RCR
801 Источник записи _1
a Страна RU
b Организация Ульяновская ОНБ
c Дата составления 20170815
g Правила каталогизации RCR
901 Тип документа __
t Тип документа v
909 Создатель записи __
a Создатель записи Грязнова И. Е.
938 Служебная информация __
a Имя БД noti
b Имя библиотеки УОНБ
c Имя АИБС МАРК-SQL
d Номер DOC_ID в БД 16735